The Doors Quiz - Statistics

General Stats
  • This quiz has been taken 1,168 times
  • The average score is 15 of 25
Answer Stats
Hint Answer % Correct
The main band members Singer Jim Morrison
99%
Their albums 1967 The Doors
88%
Arguably their most famous song Light My Fire
85%
Their musical genre Psychedelic Rock / Blues
85%
City where the band formed Los Angeles
79%
Their 12 minute epic about the singer's "only friend" The End
78%
1971 L.A. Woman
77%
Organist Ray Manzarek
73%
The actor who played this singer in the 1991 biographical film Val Kilmer
69%
Guitarist Robbie Krieger
67%
The above singer's nickname The Lizard King, Mr. Mojo Risin' ...
67%
1970 Morrison Hotel
66%
The last song all four members recorded together Riders on the Storm
61%
The Doors first single Break On Through (To the Other Side)
60%
1967 Strange Days
60%
Drummer John Densmore
58%
1969 The Soft Parade
53%
1968 Waiting for the Sun
52%
Their record label Elektra
41%
1978* An American Prayer
34%
Their second No.1 single Hello, I Love You
33%
1971* Other Voices
30%
1972* Full Circle
26%
English Romantic poet who provided inspiration for their name William Blake
23%
Their producer Paul A. Rothchild
21%
No matching quizzes found
Score Distribution
Percent of People with Each Score
Percentile by Number Answered
Your Score History
You have not taken this quiz